Random Geography Questions #2 - Statistics

General Stats
  • This quiz has been taken 44 times
    34 since last reset
  • The average score is 30 of 40
Answer Stats
Hint Answer % Correct
39) The capital of Wales is Cardiff
93%
21) Mountainous micro-nation nestled in north-central Italy San Marino
93%
19) Which French city is closest to the UK? Calais
89%
1) In what country would you findAngkor Wat? Cambodia
89%
30) What is Africas highest mountain? Kilimanjaro
89%
20) The River ______ runs through London Thames
89%
23) What is the farthest northern capital in Africa? Tunis
89%
31) This nation was formerly named Swaziland Eswatini
86%
11) This river is the holiest in India Ganges
86%
2) Language of the above country Khmer
86%
36) The holiest city in Islam Mecca
86%
4) What is the most populous city inChina? Shanghai
86%
25) Formerly named Abyssinia Ethiopia
82%
13) What major city is home to the Hagia Sophia? Istanbul
82%
10) What is the most populous Indonesian island? Java
82%
15) What major city is Mt Vesuvius closest to? Naples
82%
35) Macau was previously a colony of this nation before beingreturned to China Portugal
82%
9) This former region high in the mountains ofChina was ruled by the Dalai Lama Tibet
82%
40) A massive dormant supervolcano lies beneath this US nationalpark of the same name Yellowstone
82%
7) In what city would you find the Petronas Towers? Kuala Lumpur
79%
26) The ruins of Timbuktu are located in this African nation Mali
79%
37) Tashkent is the Central Asian capital of which nation? Uzbekistan
79%
8) What is the longest river in Asia? Yangtze
79%
18) Europes busiest port is located in this city Rotterdam
75%
14) Dubrovnik is a major port city on what sea? Adriatic
71%
29) Luanda is the capital of which nation? Angola
71%
38) This island is the largest in Canada and the 5th largest in the world Baffin
71%
5) What is the largest island of the Philippines? Luzon
71%
6) What is the wealthiest Asian country? Singapore
71%
28) What capital lies across the Congo river from Kinshasa, DRC? Brazzaville
68%
34) Chain of volcanic islands off of western Africa belonging to Spain Canary
68%
3) What was the former name of Tokyountil 1868? Edo
68%
16) What is the highest mountain in Europe? Elbrus
68%
17) St Basils Cathedral can be found in what city? Moscow
68%
12) What exclave bordering Poland does Russia own? Kaliningrad
61%
24) What African nation has an almost identical flagto Romania? Chad
57%
33) This island nation lies in 3 timezones and straddles the International Dateline Kiribati
54%
27) Abidjan is the largest city in this country, though notcurrently its capital Ivory Coast
50%
22) What is the capital of Crete? Heraklion
36%
32) This nation uses the Loti as currency Lesotho
25%
No matching quizzes found
Score Distribution
Percent of People with Each Score
Percentile by Number Answered
Your Score History
You have not taken this quiz since the last reset